Respuesta del trigo al nitrógeno en un sitio con alta disponibilidad inicial /

Guardado en:
Autor Principal: Colla, César.
Autor Corporativo: Universidad Nacional del Sur. Departamento de Agronomía.
Otros Autores: Ron, María de las Mercedes, (tutor.)
Formato: Libro
Idioma:Spanish
Publicado: Bahía Blanca, 2013.
Etiquetas: Agregar Etiqueta
Sin Etiquetas, Sea el primero en etiquetar este registro!
LEADER 00727nam a22001815a 4500
001 EEA.libagro009165
005 20181029134236.0
008 130809s2013####ag#a##########000#0#spa#d
041 1 |a spa 
082 0 4 |a 633.11 
100 1 |a Colla, César. 
245 1 0 |a Respuesta del trigo al nitrógeno en un sitio con alta disponibilidad inicial /  |c César Colla. 
260 |a Bahía Blanca,  |c 2013. 
300 |a 32 h. :  |b il. ;  |c 30 cm. 
500 |a Trabajo de intensificación (Ingeniero Agrónomo) -- Universidad Nacional del Sur. Departamento de Agronomía, 2013. 
700 1 |a Ron, María de las Mercedes,  |e tutor. 
710 2 |a Universidad Nacional del Sur.  |b Departamento de Agronomía. 
859 |a AR-BbBCA  |b BIB. AGRONOMIA  |h 633.11  |i C697  |p 2013/6230